| 000 | 00679cam a22002413a 4500 | ||
|---|---|---|---|
| 001 | 11484 | ||
| 003 | PGUSA | ||
| 005 | 20140828083237.0 | ||
| 008 | 040301s2004||||xxu|||||s|||||000 1 eng d | ||
| 040 |
_aPGUSA _beng |
||
| 042 | _adc | ||
| 050 | 4 | _aPQ | |
| 100 | 1 |
_aVerne, Jules, _d1828-1905 |
|
| 245 | 1 | 0 |
_aLe pilote du Danube _h[electronic resource] / _cJules Verne |
| 260 |
_bProject Gutenberg, _c2004 |
||
| 506 | _aPublic domain in the USA. | ||
| 516 | _aElectronic text | ||
| 653 | _aSailing ships -- Fiction | ||
| 653 | _aDanube River -- Navigation -- Fiction | ||
| 830 | 0 |
_aProject Gutenberg _v11484 |
|
| 856 | 4 | 0 | _uhttp://www.gutenberg.org/ebooks/11484 |
| 942 | _cEB | ||
| 999 |
_c240739 _d240739 |
||